जल नियामक आयोग. (Record no. 1337078)

MARC details
000 -LEADER
fixed length control field 01126nam a2200181Ia 4500
008 - FIXED-LENGTH DATA ELEMENTS--GENERAL INFORMATION
fixed length control field 151202s9999||||xx |||||||||||||| ||und||
082 ## - DEWEY DECIMAL CLASSIFICATION NUMBER
Item number PNVM-70569
100 ## - MAIN ENTRY--PERSONAL NAME
Personal name "वागळे सुबोध, धर्माधिकारी श्रीपाद, वारघडे सचिन,दीक्षित कल्पना रेहमत,द्विवेदी गौरव."
245 ## - TITLE STATEMENT
Title जल नियामक आयोग.
260 ## - PUBLICATION, DISTRIBUTION, ETC. (IMPRINT)
Name of publisher, distributor, etc प्रयास पुणे.
260 ## - PUBLICATION, DISTRIBUTION, ETC. (IMPRINT)
Date of publication, distribution, etc 70569
300 ## - PHYSICAL DESCRIPTION
Extent 66
600 ## - SUBJECT ADDED ENTRY--PERSONAL NAME
Personal name "वागळे सुबोध, धर्माधिकारी श्रीपाद, वारघडे सचिन,दीक्षित कल्पना रेहमत,द्विवेदी गौरव."
630 ## - SUBJECT ADDED ENTRY--UNIFORM TITLE
Uniform title जल नियामक आयोग.
700 ## - ADDED ENTRY--PERSONAL NAME
Personal name "वागळे सुबोध, धर्माधिकारी श्रीपाद, वारघडे सचिन,दीक्षित कल्पना रेहमत,द्विवेदी गौरव."
730 ## - ADDED ENTRY--UNIFORM TITLE
Uniform title जल नियामक आयोग.
942 ## - ADDED ENTRY ELEMENTS (KOHA)
Koha item type Book
Holdings
Withdrawn status Lost status Damaged status Not for loan Home library Current library Date acquired Cost, normal purchase price Total Checkouts Full call number Barcode Date last seen Cost, replacement price Price effective from Koha item type
        Pune Nagar Vachan Mandir, Pune Pune Nagar Vachan Mandir, Pune 06/21/2015 0.00   PNVM-70569 PNVM-70569 12/02/2015 0.00 12/02/2015 Book